000 00294nam a2200145Ia 4500
100 _aGiametta/Chris
942 _cBK
366 _f20
245 _aPro flex on spring
260 _bApress
_c2009
082 _a005.133J
_bGIA
300 _a463
546 _aENGLISH
_celectronics
999 _c29342
_d29342